Countries Recognised By Bhutan - Statistics

General Stats
  • This quiz has been taken 12 times
  • The average score is 29 of 58
Answer Stats
Answer % Correct
Turkey
90%
Australia
80%
Canada
80%
Afghanistan
70%
Brazil
70%
Germany
70%
India
70%
Israel
70%
Japan
70%
Myanmar
70%
Nepal
70%
Pakistan
70%
Saudi Arabia
70%
Serbia
70%
United Arab Emirates
70%
Vietnam
70%
Argentina
60%
Armenia
60%
Indonesia
60%
Kuwait
60%
Oman
60%
Slovakia
60%
South Korea
60%
Tajikistan
60%
Austria
50%
Azerbaijan
50%
Bangladesh
50%
Belgium
50%
Czechia
50%
Egypt
50%
Kazakhstan
50%
Netherlands
50%
Poland
50%
Qatar
50%
Singapore
50%
Slovenia
50%
Spain
50%
Thailand
50%
Bahrain
40%
Denmark
40%
Finland
40%
Luxembourg
40%
Maldives
40%
Morocco
40%
Philippines
40%
Sri Lanka
40%
Sweden
40%
Switzerland
40%
Andorra
30%
Colombia
30%
Cuba
30%
Fiji
30%
Mongolia
30%
Norway
30%
Costa Rica
10%
Mauritius
10%
Eswatini
0%
Lesotho
0%
No matching quizzes found
Score Distribution
Percent of People with Each Score
Percentile by Number Answered
Your Score History
You have not taken this quiz